[Event "GER Seniors Derby 03rd"]
[Site "Undeloh"]
[Date "2004.04.18"]
[Round "7"]
[White "Gunzert, Thomas"]
[Black "Ludwig, Siegfried"]
[Result "1/2-1/2"]
[WhiteElo "1198"]
[BlackElo "1318"]
[PlyCount "50"]
[EventDate "2004.04.15"]
[EventType "swiss"]
[EventRounds "7"]
[EventCountry "GER"]
[SourceTitle "EXT 2006"]
[Source "ChessBase"]
[SourceDate "2005.11.24"]
[SourceVersion "1"]
[SourceVersionDate "2005.11.24"]
[SourceQuality "1"]

1. e4 e5 2. Nf3 d6 3. d4 Bg4 4. Be2 Nc6 5. d5 Bxf3 6. Bxf3 Nd4 7. c3 Nxf3+ 8. Qxf3 Qf6 9. Nd2 g6 10. c4 Bh6 11. Qb3 b6 12. Qb5+ Kf8 13. 0-0 Qd8 14. Nf3 Bxc1 15. Raxc1 Nf6 16. Rfe1 Kg7 17. a4 h6 18. a5 bxa5 19. Qxa5 Qb8 20. b4 Qb6 21. Nd2 Rhb8 22. Qxb6 axb6 23. f3 Ra7 24. Ra1 Rba8 25. Rxa7 Rxa7 1/2-1/2

[Event "GER Seniors Derby 03rd"]
[Site "Undeloh"]
[Date "2004.04.16"]
[Round "4"]
[White "Ludwig, Richard"]
[Black "Gunzert, Thomas"]
[Result "1-0"]
[WhiteElo "1493"]
[BlackElo "1198"]
[PlyCount "31"]
[EventDate "2004.04.15"]
[EventType "swiss"]
[EventRounds "7"]
[EventCountry "GER"]
[SourceTitle "EXT 2006"]
[Source "ChessBase"]
[SourceDate "2005.11.24"]
[SourceVersion "1"]
[SourceVersionDate "2005.11.24"]
[SourceQuality "1"]

1. e4 e5 2. Nf3 d6 3. d4 exd4 4. Nxd4 Nf6 5. Nc3 b6 6. Bg5 Be7 7. Bb5+ Bd7 8. Bd3 c5 9. Nf3 Bc6 10. 0-0 d5 11. exd5 Bxd5 12. Nxd5 Nxd5 13. Bxe7 Nxe7 14. Bb5+ Nd7 15. Ne5 0-0 16. Bxd7 1-0

[Event "GER Seniors Derby 03rd"]
[Site "Undeloh"]
[Date "2004.04.15"]
[Round "1"]
[White "Mersinger, Winfried"]
[Black "Gunzert, Thomas"]
[Result "1-0"]
[WhiteElo "1650"]
[BlackElo "1198"]
[PlyCount "43"]
[EventDate "2004.04.15"]
[EventType "swiss"]
[EventRounds "7"]
[EventCountry "GER"]
[SourceTitle "EXT 2006"]
[Source "ChessBase"]
[SourceDate "2005.11.24"]
[SourceVersion "1"]
[SourceVersionDate "2005.11.24"]
[SourceQuality "1"]

1. d4 d5 2. Nf3 Bf5 3. c4 dxc4 4. Nc3 e6 5. e4 Bg4 6. Bxc4 a6 7. Be2 Nf6 8. Bg5 Be7 9. 0-0 Bxf3 10. Bxf3 h6 11. Bxf6 Bxf6 12. e5 Bg5 13. Bxb7 Ra7 14. Qa4+ Nd7 15. Bc6 a5 16. Ne4 f6 17. Nc5 fxe5 18. Bxd7+ Ke7 19. dxe5 c6 20. Qxc6 Rxd7 21. Qxe6+ Kf8 22. Nxd7+ 1-0